000 00955nam a22003017a 4500
001 0003652
003 KOHA_MİRAKIL
005 20260207001343.0
007 ta
008 100813b1997 tu a|||gr||||#||||0|tur |
020 _a9753311079
040 _aTR-BiSEU
_btur
_cTR-BiSEU
_erda
041 0 _atur
044 _ctu
050 _aHG4028
_b.T46 1997
100 1 _aThomsett, Michael C..
245 1 _aBütçeleme ve tahmin/
_cMichael C. Thomsett ; Michael C. Thomsett; çeviren Ezgi Sungur.
264 1 _aİstanbul :
_bEpsilon Yayıncılık, 1997
_c1997
300 _a144 sayfa: tablo
336 _ametin
_btxt
_2rdacontent
337 _aaracısız
_bn
_2rdamedia
338 _acilt
_bnc
_2rdacarrier
490 0 _aGüçlü şirket başarılı yönetim dizisi.
650 0 _aİşletme bütçeleri.
_98856
650 0 _aİşletme bütçeleri--Tahmin.
_98857
830 0 _aGüçlü şirket başarılı yönetim dizisi.
_98858
942 _2lcc
_cBK
999 _c3636
_d3636